| 000 | 00640nam a2200229Ia 4500 | ||
|---|---|---|---|
| 005 | 20260429111843.0 | ||
| 008 | 260429s9999||||xx |||||||||||||| ||und|| | ||
| 020 | _a9789395345798 | ||
| 041 | _aEnglish | ||
| 082 |
_a306.85 _bBEG |
||
| 100 | _aBegum, Karishma | ||
| 245 | 0 |
_aHuman development and family studies / _cKarishma Begum |
|
| 250 | _a1st ed. | ||
| 260 |
_aNew Delhi : _bEmerald Publishing House, _c2025. |
||
| 300 | _avii, 149 p.; hb | ||
| 650 | _a Child development | ||
| 650 | _a Family development | ||
| 650 | _aHuman development | ||
| 700 | _a Mahajan, Swati Ashok | ||
| 700 | _a Sahu, Bijaya Laxmi | ||
| 942 | _cTB | ||
| 999 |
_c51152 _d51152 |
||